AH International Schools' Libraries

Sidesplitters: Intergalactic: 150 Cosmic Jokes About Space (Record no. 48087)

MARC details
000 -LEADER
fixed length control field 00390nam a22001217a 4500
008 - FIXED-LENGTH DATA ELEMENTS--GENERAL INFORMATION
fixed length control field 241211b |||||||| |||| 00| 0 eng d
020 ## - INTERNATIONAL STANDARD BOOK NUMBER
International Standard Book Number 9780330510196
100 ## - MAIN ENTRY--PERSONAL NAME
Personal name Amanda Li (Author)
9 (RLIN) 85853
245 ## - TITLE STATEMENT
Title Sidesplitters: Intergalactic: 150 Cosmic Jokes About Space
260 ## - PUBLICATION, DISTRIBUTION, ETC. (IMPRINT)
Place of publication, distribution, etc London
Name of publisher, distributor, etc Macmillan Children's Books
Date of publication, distribution, etc 2009
300 ## - PHYSICAL DESCRIPTION
Extent 62 p
Other physical details col. ill.
Dimensions 5.12 x 0.2 x 7.76 inches
942 ## - ADDED ENTRY ELEMENTS (KOHA)
Source of classification or shelving scheme
Holdings
Withdrawn status Lost status Source of classification or shelving scheme Damaged status Not for loan Collection code Home library Current library Date acquired Total Checkouts Full call number Barcode Date last seen Price effective from Koha item type
          Siem Reap Asian Hope Siem Reap Asian Hope Siem Reap 12/11/2024   FIC AMA 207755 12/11/2024 12/11/2024 Book

For any Logos Library related questions please contact Miss Art at swongnarasuk@asianhope.org.

For any Asian Hope Library related questions please contact Miss Raza at graza@asianhope.org.

Click here to explore our ebooks!

Powered by Koha